Creating opportunies

Đã lưu trong:
書目詳細資料
格式: 圖書
語言:Undetermined
出版: Oxford Oxford University Press 1995
主題:
標簽: 添加標簽
沒有標簽, 成為第一個標記此記錄!
Thư viện lưu trữ: Trung tâm Học liệu Trường Đại học Cần Thơ
LEADER 00527nam a2200169Ia 4500
001 CTU_121346
008 210402s9999 xx 000 0 und d
082 |a 428.34 
082 |b C912/Vid.1 
245 0 |a Creating opportunies 
260 |a Oxford 
260 |b Oxford University Press 
260 |c 1995 
650 |a English language,English language,English language 
650 |x Study and teaching,Textbooks for foreign speakers,Spoken english 
904 |i M.Loan 
980 |a Trung tâm Học liệu Trường Đại học Cần Thơ